Psychological testing in the Philippines : (Record no. 72396)

MARC details
000 -LEADER
fixed length control field 00763nam a22002297i 4500
003 - CONTROL NUMBER IDENTIFIER
control field URS
005 - DATE AND TIME OF LATEST TRANSACTION
control field 20230817132759.0
008 - FIXED-LENGTH DATA ELEMENTS--GENERAL INFORMATION
fixed length control field 170324b xxu||||| |||| 00| 0 eng d
020 ## - INTERNATIONAL STANDARD BOOK NUMBER
International Standard Book Number 978-971-0391-79-0
040 ## - CATALOGING SOURCE
Transcribing agency 0
050 ## - LIBRARY OF CONGRESS CALL NUMBER
Classification number BF121
Item number .M92 2013
100 1# - MAIN ENTRY--PERSONAL NAME
Personal name Munarriz, Natividad J.
Relator term author.
245 10 - TITLE STATEMENT
Title Psychological testing in the Philippines :
Remainder of title practices, direction and perspectives /
Statement of responsibility, etc. Natividad J. Munarriz, Vicentita M. Cervera.
264 #1 - PRODUCTION, PUBLICATION, DISTRIBUTION, MANUFACTURE, AND COPYRIGHT NOTICE
Place of production, publication, distribution, manufacture Manila :
Name of producer, publisher, distributor, manufacturer Great Books Publishing,
Date of production, publication, distribution, manufacture, or copyright notice ©2013.
300 ## - PHYSICAL DESCRIPTION
Extent ix, 155 pages :
Other physical details illustrations;
Dimensions 23 cm.
336 ## - CONTENT TYPE
Content type term text
Content type code txt
Source rdacontent
337 ## - MEDIA TYPE
Media type term unmediated
Media type code n
Source rdamedia
338 ## - CARRIER TYPE
Carrier type term volume
Carrier type code nc
Source rdacarrier
650 #0 - SUBJECT ADDED ENTRY--TOPICAL TERM
Topical term or geographic name entry element Psychology
700 1# - ADDED ENTRY--PERSONAL NAME
Personal name Cervera, Vicentita M.
Relator term author.
942 ## - ADDED ENTRY ELEMENTS (KOHA)
Koha item type Filipiniana
Source of classification or shelving scheme Library of Congress Classification
Holdings
Withdrawn status Source of classification or shelving scheme Damaged status Not for loan Collection code Home library Current library Shelving location Date acquired Total Checkouts Full call number Barcode Date last seen Date last checked out Price effective from Koha item type
  Library of Congress Classification     Non-fiction Tanay College Library Tanay College Library General Stacks 12/18/2014 2 BF121 .M92 2013 URSTAN-N1525 01/25/2023 01/24/2023 03/10/2016 Filipiniana
  Library of Congress Classification     Non-fiction Tanay College Library Tanay College Library General Stacks 12/18/2014   BF121 .M92 2013 URSTAN-N1526 03/27/2017   03/10/2016 Filipiniana
  Library of Congress Classification     Non-fiction Tanay College Library Tanay College Library General Stacks 12/18/2014   BF121 .M92 2013 URSTAN-N1524 03/24/2017   03/10/2016 Filipiniana

University of Rizal System
Email us at univlibservices@urs.edu.ph

Visit our Website www.urs.edu.ph/library